[Event "GER-ch (Women)"]
[Site "Magdeburg"]
[Date "2022.08.14"]
[Round "1"]
[White "Mader, Lena"]
[Black "Kunze, Kerstin"]
[Result "0-1"]
[WhiteElo "1826"]
[BlackElo "2020"]
[PlyCount "139"]
[EventDate "2022.08.14"]
[EventType "swiss"]
[EventRounds "9"]
[EventCountry "GER"]
[SourceTitle "CBM 209 Extra"]
[Source "ChessBase"]
[SourceDate "2022.09.30"]
[SourceVersion "1"]
[SourceVersionDate "2022.09.30"]
[SourceQuality "1"]

1. c4 e6 2. Nf3 d5 3. g3 c6 4. b3 Nf6 5. Bg2 Bd6 6. Bb2 Nbd7 7. 0-0 Qe7 8. d4 Ne4 9. Nbd2 0-0 10. Nxe4 dxe4 11. Nd2 f5 12. e3 Nf6 13. a3 Bd7 14. Qc2 h5 15. h4 Ng4 16. Bh3 Nh6 17. Kh1 Bc7 18. Rg1 e5 19. Bg2 Ng4 20. Raf1 exd4 21. Bxd4 Qxa3 22. c5 Be6 23. Nc4 Qb4 24. Bh3 b6 25. Bxg4 hxg4 26. Nd2 Qb5 27. Qc3 Rf7 28. Rc1 Qe2 29. Kg2 Bd5 30. Rge1 Qa6 31. Ra1 Qb7 32. Kg1 b5 33. Be5 a5 34. Reb1 Qb8 35. Bf4 Bxf4 36. exf4 b4 37. Qc2 Qb5 38. Nf1 e3 39. Nxe3 Be4 40. Qc1 Bxb1 41. Rxb1 a4 42. bxa4 Rxa4 43. Qd1 Ra8 44. Qd6 b3 45. Qe5 Qe2 46. Qe6 b2 47. Qe5 Rfa7 48. Qxb2 Qd3 49. Qb3+ Qxb3 50. Rxb3 Ra1+ 51. Kg2 Rc1 52. Rb2 Rxc5 53. Kf1 Kf7 54. Ke2 Rd8 55. f3 gxf3+ 56. Kxf3 Rc3 57. Kf2 g6 58. h5 Rdd3 59. h6 Kg8 60. Nf1 Kh7 61. Rb7+ Kxh6 62. Re7 Rc2+ 63. Ke1 Ra3 64. Rd7 Ra1+ 65. Rd1 Rcc1 66. Ne3 Rxd1+ 67. Nxd1 Kh5 68. Ke2 Rxd1 69. Kxd1 Kg4 70. Ke1 0-1

[Event "GER-ch blitz (Women)"]
[Site "Magdeburg"]
[Date "2022.08.13"]
[Round "7"]
[White "Leveikina, Jevgenija"]
[Black "Kunze, Kerstin"]
[Result "1/2-1/2"]
[WhiteElo "2032"]
[BlackElo "2020"]
[PlyCount "30"]
[EventDate "2022.08.13"]
[EventType "tourn (blitz)"]
[EventRounds "23"]
[EventCountry "GER"]
[SourceTitle "CBM 209 Extra"]
[Source "ChessBase"]
[SourceDate "2022.09.30"]
[SourceVersion "1"]
[SourceVersionDate "2022.09.30"]
[SourceQuality "1"]

1. d4 Nf6 2. Nf3 e6 3. g3 Be7 4. Bg2 c5 5. c3 0-0 6. 0-0 Nc6 7. Bf4 Nh5 8. Bd2 Nf6 9. Bf4 Nh5 10. Bd2 Nf6 11. Bf4 h6 12. Nbd2 d5 13. Ne5 cxd4 14. Nxc6 bxc6 15. cxd4 c5 1/2-1/2

[Event "Oberliga Nord N 2122"]
[Site "Germany"]
[Date "2022.05.15"]
[Round "4.7"]
[White "Bosselmann, Tom Linus"]
[Black "Kunze, Kerstin"]
[Result "1/2-1/2"]
[WhiteElo "2038"]
[BlackElo "2027"]
[PlyCount "29"]
[EventDate "2021.10.31"]
[EventType "team-tourn"]
[EventRounds "9"]
[EventCountry "GER"]
[SourceTitle "EXT 2023"]
[Source "ChessBase"]
[SourceDate "2022.10.05"]
[SourceVersion "1"]
[SourceVersionDate "2022.10.05"]
[SourceQuality "1"]
[WhiteTeam "Luebeck"]
[BlackTeam "Schwerin"]
[WhiteTeamCountry "GER"]
[BlackTeamCountry "GER"]

1. e4 e5 2. Nf3 Nc6 3. Bc4 Nf6 4. d3 Bc5 5. c3 a6 6. 0-0 Ba7 7. Bb3 d6 8. Re1 0-0 9. h3 h6 10. Nbd2 Nh5 11. Nf1 Qf6 12. Be3 Nf4 13. Ng3 Ne7 14. d4 Neg6 15. Bc2 1/2-1/2

[Event "Oberliga Nord N 2122"]
[Site "Germany"]
[Date "2022.03.06"]
[Round "6.6"]
[White "Kunze, Kerstin"]
[Black "Schumacher, Norbert"]
[Result "1-0"]
[WhiteElo "2028"]
[BlackElo "2164"]
[PlyCount "79"]
[EventDate "2021.10.31"]
[EventType "team-tourn"]
[EventRounds "9"]
[EventCountry "GER"]
[SourceTitle "EXT 2023"]
[Source "ChessBase"]
[SourceDate "2022.10.05"]
[SourceVersion "1"]
[SourceVersionDate "2022.10.05"]
[SourceQuality "1"]
[WhiteTeam "Schwerin"]
[BlackTeam "Hamburger SK III"]
[WhiteTeamCountry "GER"]
[BlackTeamCountry "GER"]

1. e4 c5 2. Nf3 d6 3. Bb5+ Nd7 4. c3 Ngf6 5. Qe2 a6 6. Ba4 b5 7. Bc2 Bb7 8. d3 g6 9. h3 Bg7 10. 0-0 0-0 11. Rd1 Rc8 12. Nbd2 Nb6 13. Nf1 Qc7 14. Rb1 Rfd8 15. Ng3 e6 16. Nh2 b4 17. c4 d5 18. Bg5 h6 19. Be3 a5 20. a3 dxc4 21. dxc4 Ba6 22. Bd3 bxa3 23. bxa3 Na4 24. Qc2 Nb6 25. Bd2 Rxd3 26. Qxd3 Nxc4 27. Bc3 Ra8 28. Qf3 Nd7 29. Bxg7 Kxg7 30. Rbc1 Rb8 31. Ng4 h5 32. Rxd7 Qxd7 33. Qf6+ Kg8 34. Nh6+ Kh7 35. Nxf7 h4 36. Ng5+ Kh6 37. Nxe6 Kh7 38. Ng5+ Kh6 39. Nf5+ Kh5 40. Nf7 1-0

[Event "BL 2122 (Women)"]
[Site "Germany"]
[Date "2021.11.27"]
[Round "1.4"]
[White "Kunze, Kerstin"]
[Black "Atalik, Ekaterina"]
[Result "0-1"]
[WhiteElo "2027"]
[BlackElo "2414"]
[PlyCount "68"]
[EventDate "2021.11.27"]
[EventType "team-tourn"]
[EventRounds "11"]
[EventCountry "GER"]
[SourceTitle "EXT 2023"]
[Source "ChessBase"]
[SourceDate "2022.10.05"]
[SourceVersion "1"]
[SourceVersionDate "2022.10.05"]
[SourceQuality "1"]
[WhiteTeam "Leipzig Weissblau (W)"]
[BlackTeam "Schwaebisch Hall (W)"]
[WhiteTeamCountry "GER"]
[BlackTeamCountry "GER"]

1. e4 e5 2. Nf3 Nc6 3. Bb5 a6 4. Ba4 Nf6 5. d3 d6 6. c3 Be7 7. h3 0-0 8. 0-0 h6 9. Re1 b5 10. Bc2 Bb7 11. d4 exd4 12. Nxd4 Re8 13. Nf5 Bf8 14. Bf4 Ne5 15. Nd2 c5 16. b3 Qd7 17. Re3 Kh7 18. Qe1 g6 19. Nxh6 Bxh6 20. Bxh6 Kxh6 21. f4 Nc6 22. Nf3 Kg7 23. Rd1 Qe7 24. Nh4 Nh5 25. Rd5 Ne5 26. fxe5 Bxd5 27. exd5 dxe5 28. Bd1 Nf4 29. d6 Qxd6 30. Bf3 Rad8 31. Qg3 Qf6 32. Be4 Rd2 33. Nf5+ Kf8 34. Nh6 Ne2+ 0-1

[Event "GER-ch (Women)"]
[Site "chess24.com INT"]
[Date "2019.05.31"]
[Round "8"]
[White "Burchardt, Brigitte"]
[Black "Kunze, Kerstin"]
[Result "1-0"]
[WhiteElo "2094"]
[BlackElo "2066"]
[PlyCount "67"]
[EventDate "2019.05.26"]
[EventType "swiss"]
[EventRounds "9"]
[EventCountry "GER"]
[SourceTitle "EXT 2020"]
[Source "ChessBase"]
[SourceDate "2019.10.17"]
[SourceVersion "1"]
[SourceVersionDate "2019.10.17"]
[SourceQuality "1"]
[WhiteTeam "Germany"]
[BlackTeam "Germany"]
[WhiteTeamCountry "GER"]
[BlackTeamCountry "GER"]

1. e4 c5 2. b3 Nc6 3. Bb2 d6 4. Bb5 Bd7 5. f4 e6 6. Nf3 Nf6 7. Qe2 a6 8. Bxc6 Bxc6 9. d3 d5 10. Nbd2 Qc7 11. Be5 Qa5 12. 0-0 Be7 13. f5 dxe4 14. dxe4 0-0-0 15. Nc4 Bb5 16. fxe6 fxe6 17. Ng5 Bxc4 18. Qxc4 Nd7 19. Bc3 Qb6 20. Nf7 Nf6 21. Nxh8 Rxh8 22. Qe2 h5 23. Bxf6 Bxf6 24. e5 Bg5 25. c4 Qb4 26. Rad1 g6 27. Rf7 Qc3 28. Rf3 Qa5 29. Qf2 Bh6 30. Rf6 Rd8 31. Rxd8+ Kxd8 32. Rxg6 Qc3 33. Rg8+ Kd7 34. Qf7+ 1-0

[Event "GER-ch (Women)"]
[Site "chess24.com INT"]
[Date "2019.05.30"]
[Round "7"]
[White "Kunze, Kerstin"]
[Black "Michna, Marta"]
[Result "0-1"]
[WhiteElo "2066"]
[BlackElo "2355"]
[PlyCount "130"]
[EventDate "2019.05.26"]
[EventType "swiss"]
[EventRounds "9"]
[EventCountry "GER"]
[SourceTitle "EXT 2020"]
[Source "ChessBase"]
[SourceDate "2019.10.17"]
[SourceVersion "1"]
[SourceVersionDate "2019.10.17"]
[SourceQuality "1"]
[WhiteTeam "Germany"]
[BlackTeam "Germany"]
[WhiteTeamCountry "GER"]
[BlackTeamCountry "GER"]

1. d4 Nf6 2. g3 d6 3. Bg2 Nbd7 4. e4 e5 5. Ne2 Be7 6. 0-0 c6 7. Kh1 0-0 8. c3 Re8 9. Qc2 Bf8 10. b3 b6 11. Nd2 Bb7 12. dxe5 dxe5 13. f3 Nc5 14. Nc4 Qd3 15. Qxd3 Nxd3 16. Bg5 Bc5 17. Be3 Ba6 18. Bxc5 Nxc5 19. Rad1 Rad8 20. Nc1 Bxc4 21. bxc4 Na4 22. Nd3 Nxc3 23. Rd2 Rd4 24. Rc1 Na4 25. Bf1 Red8 26. Kg1 Nc5 27. Rc3 h5 28. Be2 h4 29. Kg2 hxg3 30. hxg3 g6 31. Ra3 Kg7 32. Kf1 a5 33. Ke1 Nh5 34. Kf2 g5 35. Rd1 g4 36. Nxc5 Rxd1 37. Bxd1 Rxd1 38. fxg4 Nf6 39. g5 Ng4+ 40. Kf3 Nh2+ 41. Ke2 Rd4 42. Na4 b5 43. cxb5 cxb5 44. Nc5 Rc4 45. Nb7 a4 46. Nd6 Rb4 47. Rd3 Kg6 48. Rd5 Rb2+ 49. Rd2 Rb1 50. Rd1 Rxd1 51. Kxd1 b4 52. Nc4 Nf3 53. Kc1 Kxg5 54. Nb2 Kg4 55. Nxa4 Kxg3 56. Kc2 Kf4 57. Kd3 f5 58. exf5 e4+ 59. Ke2 Nd4+ 60. Kf1 Kf3 61. Nc5 e3 62. Nd3 e2+ 63. Kg1 Ke3 64. Ne1 Nf3+ 65. Kh1 Nxe1 0-1

[Event "GER-ch (Women)"]
[Site "chess24.com INT"]
[Date "2019.05.27"]
[Round "2"]
[White "Kunze, Kerstin"]
[Black "Von Herman, Brigitte"]
[Result "1/2-1/2"]
[WhiteElo "2066"]
[BlackElo "2064"]
[PlyCount "69"]
[EventDate "2019.05.26"]
[EventType "swiss"]
[EventRounds "9"]
[EventCountry "GER"]
[SourceTitle "EXT 2020"]
[Source "ChessBase"]
[SourceDate "2019.10.17"]
[SourceVersion "1"]
[SourceVersionDate "2019.10.17"]
[SourceQuality "1"]
[WhiteTeam "Germany"]
[BlackTeam "Germany"]
[WhiteTeamCountry "GER"]
[BlackTeamCountry "GER"]

1. e4 e5 2. Nf3 Nc6 3. Bb5 a6 4. Ba4 Nf6 5. d3 d6 6. c3 Be7 7. h3 b5 8. Bb3 0-0 9. 0-0 Na5 10. Bc2 c5 11. Re1 Qc7 12. Nbd2 Nc6 13. Nf1 d5 14. Ne3 Be6 15. exd5 Nxd5 16. Nxd5 Bxd5 17. Qe2 Bf6 18. Ng5 Bxg5 19. Bxg5 f6 20. Be3 Qe7 21. f3 c4 22. Qf2 Qf7 23. dxc4 Bxc4 24. Be4 Rac8 25. Bf5 Be6 26. Bxe6 Qxe6 27. Bc5 Rfd8 28. a4 Rd3 29. axb5 axb5 30. Bb6 b4 31. cxb4 Nxb4 32. Rac1 Rc2 33. Rxc2 Nxc2 34. Qxc2 Qxb6+ 35. Kh2 1/2-1/2

[Event "GER-ch (Women)"]
[Site "chess24.com INT"]
[Date "2019.05.26"]
[Round "1"]
[White "Freter, Anke"]
[Black "Kunze, Kerstin"]
[Result "1/2-1/2"]
[WhiteElo "1873"]
[BlackElo "2066"]
[PlyCount "131"]
[EventDate "2019.05.26"]
[EventType "swiss"]
[EventRounds "9"]
[EventCountry "GER"]
[SourceTitle "EXT 2020"]
[Source "ChessBase"]
[SourceDate "2019.10.17"]
[SourceVersion "1"]
[SourceVersionDate "2019.10.17"]
[SourceQuality "1"]
[WhiteTeam "Germany"]
[BlackTeam "Germany"]
[WhiteTeamCountry "GER"]
[BlackTeamCountry "GER"]

1. e4 c5 2. Nf3 d6 3. d4 cxd4 4. Nxd4 Nf6 5. Nc3 a6 6. Bc4 e6 7. f3 Be7 8. Be3 Qc7 9. Bb3 Nc6 10. Qd2 Na5 11. g4 Nc4 12. Bxc4 Qxc4 13. Nb3 Nd7 14. 0-0-0 b5 15. Qf2 a5 16. a4 bxa4 17. Rd4 Qc7 18. Rxa4 0-0 19. h4 Bb7 20. Nd4 Nc5 21. Ndb5 Qc6 22. Ra1 Rfb8 23. h5 a4 24. h6 g6 25. Rd1 Ba6 26. Nd4 Qb7 27. Kd2 Rc8 28. Rdb1 Qb4 29. Kd1 Bc4 30. Ra3 Nd7 31. Bd2 Qb7 32. Bc1 d5 33. Rxa4 Rxa4 34. Nxa4 dxe4 35. Nc3 e5 36. Nde2 exf3 37. Ng3 Bc5 38. Be3 Be7 39. Nge4 Bd5 40. Nd2 Bc6 41. Kc1 Nf6 42. Qg3 Nd7 43. g5 Re8 44. Nb3 Bb4 45. Nd1 Ba4 46. Nd2 Bxd2+ 47. Bxd2 Bxc2 48. Kxc2 Qe4+ 49. Kc1 Nc5 50. Nc3 Nb3+ 51. Kd1 Qd3 52. Qf2 e4 53. Qe3 f2 54. Qxf2 e3 55. Qe2 Qd7 56. Qg2 Nxd2 57. Qd5 Qa7 58. Rc1 Nb3 59. Qxb3 Qd4+ 60. Kc2 Qd2+ 61. Kb1 e2 62. Nxe2 Qxe2 63. Qc3 Qe4+ 64. Rc2 Qh1+ 65. Rc1 Qe4+ 66. Rc2 1/2-1/2

[Event "GER-ch blitz (Women)"]
[Site "Magdeburg"]
[Date "2019.05.25"]
[Round "15"]
[White "Kunze, Kerstin"]
[Black "Kreismann, Franziska"]
[Result "1-0"]
[WhiteElo "2066"]
[BlackElo "1589"]
[PlyCount "53"]
[EventDate "2019.05.25"]
[EventType "tourn (blitz)"]
[EventRounds "29"]
[EventCountry "GER"]
[SourceTitle "CBM 190 Extra"]
[Source "ChessBase"]
[SourceDate "2019.07.15"]
[SourceVersion "1"]
[SourceVersionDate "2019.07.15"]
[SourceQuality "1"]

1. e4 c6 2. d4 d5 3. Nc3 dxe4 4. Nxe4 Bf5 5. Ng3 Bg6 6. h4 h6 7. Nf3 Nf6 8. h5 Bh7 9. Bd3 Bxd3 10. Qxd3 e6 11. Bd2 Nbd7 12. 0-0-0 Bd6 13. Rde1 Qb6 14. Ne5 Rf8 15. Nxd7 Nxd7 16. Ne4 Bb4 17. c3 Be7 18. Bf4 0-0-0 19. Bd6 Bxd6 20. Nxd6+ Kb8 21. Qg3 Qc7 22. c4 Nb6 23. c5 Nd5 24. Qxg7 Nb4 25. Kb1 Qa5 26. a3 Nd3 27. Re2 1-0

[Event "GER-ch blitz (Women)"]
[Site "Magdeburg"]
[Date "2019.05.25"]
[Round "20"]
[White "Muetsch, Annmarie"]
[Black "Kunze, Kerstin"]
[Result "1-0"]
[WhiteElo "2266"]
[BlackElo "2066"]
[PlyCount "70"]
[EventDate "2019.05.25"]
[EventType "tourn (blitz)"]
[EventRounds "29"]
[EventCountry "GER"]
[SourceTitle "CBM 190 Extra"]
[Source "ChessBase"]
[SourceDate "2019.07.15"]
[SourceVersion "1"]
[SourceVersionDate "2019.07.15"]
[SourceQuality "1"]

1. e4 e5 2. Nf3 Nc6 3. d4 exd4 4. Nxd4 Bc5 5. Nb3 Bb6 6. Nc3 a6 7. Qe2 Nge7 8. Bf4 d6 9. 0-0-0 0-0 10. f3 Ng6 11. Bg3 Qg5+ 12. Kb1 Be6 13. Nd5 Bxd5 14. Rxd5 Qf6 15. Rd1 a5 16. a4 Rfe8 17. Qd2 Rad8 18. Bb5 Nge5 19. h3 Nd7 20. Bf4 h6 21. h4 Nc5 22. h5 Nxb3 23. cxb3 Re7 24. Bxc6 bxc6 25. g4 Qe6 26. g5 hxg5 27. Bxg5 f6 28. Bf4 Qxb3 29. Qg2 Qf7 30. h6 g6 31. h7+ Kh8 32. Rh6 g5 33. Bc1 Rb8 34. Qg4 d5 35. Qf5 Re6 1-0

[Event "GER-ch blitz (Women)"]
[Site "Magdeburg"]
[Date "2019.05.25"]
[Round "18"]
[White "Osmanodja, Filiz"]
[Black "Kunze, Kerstin"]
[Result "1-0"]
[WhiteElo "2260"]
[BlackElo "2066"]
[PlyCount "81"]
[EventDate "2019.05.25"]
[EventType "tourn (blitz)"]
[EventRounds "29"]
[EventCountry "GER"]
[SourceTitle "CBM 190 Extra"]
[Source "ChessBase"]
[SourceDate "2019.07.15"]
[SourceVersion "1"]
[SourceVersionDate "2019.07.15"]
[SourceQuality "1"]

1. e4 e5 2. Nf3 Nc6 3. Bb5 a6 4. Ba4 Nf6 5. 0-0 b5 6. Bb3 Be7 7. Re1 0-0 8. h3 d6 9. c3 Na5 10. Bc2 c5 11. d4 Nc6 12. a4 Bb7 13. d5 Nb8 14. b4 Nbd7 15. Na3 cxb4 16. cxb4 bxa4 17. Bxa4 Nb6 18. Bb3 Qd7 19. Be3 Bd8 20. Qd3 Nh5 21. Nc4 Nxc4 22. Bxc4 f5 23. exf5 Rxf5 24. Nd2 Nf4 25. Bxf4 Rxf4 26. Re4 Bg5 27. Rxf4 Bxf4 28. Ne4 Rc8 29. Bxa6 Bxa6 30. Qxa6 Qf5 31. Nxd6 Bh2+ 32. Kxh2 Qf4+ 33. Kg1 Rf8 34. Rf1 e4 35. Nc4 h6 36. Ne3 Rf6 37. Qc8+ Kh7 38. Qc4 Rg6 39. Kh1 Rd6 40. b5 Qf6 41. Qxe4+ 1-0